| 000 | 00799cam a2200277 4500 | ||
|---|---|---|---|
| 008 | 090401t1989 xxu||||| |||| 00| 0 eng d | ||
| 020 | _a0854064184 | ||
| 035 | _a(Sirsi) u48563 | ||
| 041 | _aeng | ||
| 050 |
_a331.2 _c18 |
||
| 090 | _aRICS 1989/4 ABCD | ||
| 110 |
_aRoyal Institution of Chartered Surveyors _94900 |
||
| 245 | _aTerms and conditions of contract for land surveying services | ||
| 260 |
_aLondon _bSurveyors Publications _c1989 |
||
| 300 |
_a6p. _c30cm. |
||
| 350 | _a7.95 | ||
| 490 | _aRICS Guidance Note | ||
| 520 | _aSuperseded by second edition (ISBN 1842190121). | ||
| 650 | _aLAND SURVEYORS | ||
| 650 | _aPROFESSIONAL FEES | ||
| 650 | _aLAND SURVEYING | ||
| 650 | _aCONDITIONS OF ENGAGEMENT | ||
| 690 |
_aGEOMATICS _96242 |
||
| 942 | _n0 | ||
| 948 | _c04/03/1997 | ||
| 999 |
_c92366 _d92366 |
||